000 00485cam a22002054a 4500
005 20250605164258.0
008 250528s ||||||||||||||||||||||||d
035 _a21967
020 _a9780273685203
040 _aGR-AtMCL
_bgre
_dGR-AtMCL
_eAACR2
245 1 _aFINANCIAL ACCOUNTING
250 _a2
260 _bPrentice Hall,
_c2004
300 _a477
700 1 _aAlexander David
_9135
700 1 _aNobes Christopher
_9726
942 _cBK
999 _c7023
_d7023